Top Ten Poorest Countries - Statistics

General Stats
  • This quiz has been taken 61 times
  • The average score is 5 of 10
Answer Stats
Hint Answer GNI per Capita % Correct
4 Democratic Republic of the Congo $870
76%
3 Burundi $770
70%
5 Niger $990
68%
2 Central African Republic $730
64%
6 Malawi $1,180
52%
8 Sierra Leone $1,480
52%
1 Liberia $710
48%
7 Mozambique $1,200
38%
9 Madagascar $1,510
30%
10 Comoros $1,570
24%
No matching quizzes found
Score Distribution
Percent of People with Each Score
Percentile by Number Answered
Your Score History
You have not taken this quiz